• 首页
  • 本馆介绍
  • 公告通知
  • 最新文献
  • 馆藏检索
  • 电子资源
  • 读者导购
  • 参考咨询
  • 我的图书馆
  • 登录
  • 详细信息显示
  • 放入我的书架
  • 预约/预借图书
  • 作者相关作品
  • 分类相关作品
  • 丛书相关作品
  • 出版社相关作品

书目信息

  • 表格格式
  • 工作单格式
  • 卡片格式
题名:
吴门画派
    
 
作者: 紫都 , 耿静 , 鄢爱华 编著
分册: 2   仇英
出版信息: 北京   中央编译出版社  2004
页数: 153页
开本: 22cm
丛书名:
单 册:
中图分类: J212.052 , J212.099
科图分类:
主题词: 中国画--画派--美术批评--中国 , 中国画 , 美术批评 , 画派
电子资源:
ISBN: 7-80109-917-6
000 01067nam0 2200337 450
001 002960723
005 20070805095822.23
010    @a7-80109-917-6@b精装@dCNY380.00(全套)
100    @a20050815d2004 em y0chiy0110 ea
101 0  @achi@eeng
102    @aCN@b110000
105    @aa z 001yd
200 1  @a吴门画派@9wu men hua pai@h2@i仇英@f紫都,耿静,鄢爱华编撰
210    @a北京@c中央编译出版社@d2004
215    @a153页@c图@d22cm
330    @a本书介绍了明代画家仇英的生平和艺术生涯,还包括历代名家对他的作品评述及仇英鉴赏。
510 1  @aWumen School of Painting@h2@iQiu Ying(1498-1552)@zeng
600  0 @a仇英@f(1501~1551)
600  0 @a仇英@f(1501~1551)@x中国画@x美术批评
606 0  @a中国画@x画派@x美术批评@y中国
606 0  @a中国画
606 0  @a美术批评
606 0  @a画派
610 0  @a吴门画派
690    @aJ212.052@v4
690    @aJ212.099@v4
701  0 @a紫都@9zi du@4编著
701  0 @a耿静@9geng jing@c(美术)@4编著
701  0 @a鄢爱华@9yan ai hua@c(艺术)@4编著
801  0 @aCN@bNLC@c20070805
905    @a10447@dJ212.099@e545:2
    
    吴门画派.2.仇英/紫都,耿静,鄢爱华编撰.-北京:中央编译出版社,2004
    153页:图;22cm
    
    
    ISBN 7-80109-917-6(精装):CNY380.00(全套)
    本书介绍了明代画家仇英的生平和艺术生涯,还包括历代名家对他的作品评述及仇英鉴赏。
●
相关链接 在E读中查询图书 在五车中查询图书 在当当中查询图书 在豆瓣中查询图书


正题名:吴门画派     索取号:J212.099/545:2         预约/预借

序号 登录号 条形码 馆藏地/架位号 状态 备注
1 0807641   208076419   第一样本阅览室/ [索取号:J212.099/545:2] 在馆    
2 0807642   208076428   第一借阅区/ [索取号:J212.099/545:2] 在馆    
唐山师范学院图书馆 欢迎您!
大连网信软件有限公司© 版权所有